[Event "Elit(Skara-Manhem)"]
[Site "?"]
[Date "2004.??.??"]
[Round "6"]
[White "Nygren, Kim"]
[Black "Friberg, Hans"]
[Result "0-1"]
[WhiteElo "2301"]
[BlackElo "2211"]
[PlyCount "108"]

1. e4 e6 2. d4 d5 3. Nc3 Nf6 4. Bg5 dxe4 5. Nxe4 Be7 6. Bxf6 gxf6 7. Nf3 a6 8.
g3 f5 9. Nc3 Bf6 10. Qd3 c5 11. dxc5 Qa5 12. Bg2 Qxc5 13. O-O O-O 14. Rad1 b5
15. Qd2 Ra7 16. Qh6 Bg7 17. Qh4 Nc6 18. Ne2 Ne7 19. Nf4 Ng6 20. Nxg6 fxg6 21.
c3 Bf6 22. Qh6 e5 23. Rfe1 Re7 24. Ng5 e4 25. Nh3 Be6 26. a3 Bb3 27. Rd2 Rfe8
28. Re3 a5 29. Bf1 Rb7 30. Nf4 Qe7 31. Nxg6 hxg6 32. Qxg6+ Bg7 33. Qxf5 Qe6 34.
Qxe6+ Rxe6 35. Bh3 Ree7 36. Rd8+ Kf7 37. Bf5 Bf6 38. Ra8 Bd5 39. Rxa5 Bg5 40.
Re1 Kf6 41. Bh3 Bd2 42. Re2 e3 43. Bg2 Bc4 44. Bxb7 Bxe2 45. Ba8 Bc4 46. fxe3
Bxe3+ 47. Kg2 Bb6 48. Ra6 Re6 49. Bf3 Rd6 50. g4 Kg5 51. a4 Kf4 52. Bb7 Rd2+
53. Kh1 Rd1+ 54. Kg2 Bf1+ 0-1

[Event "Elit(Skara-Manhem)"]
[Site "?"]
[Date "2004.??.??"]
[Round "6"]
[White "Andersson, Goran"]
[Black "Schneider, Lars-Ake"]
[Result "1-0"]
[WhiteElo "2238"]
[BlackElo "2363"]
[PlyCount "85"]

1. Nf3 c5 2. e4 Nc6 3. d4 cxd4 4. Nxd4 Nf6 5. Nc3 d6 6. Bg5 e6 7. Qd2 a6 8.
O-O-O Bd7 9. Nb3 Be7 10. f4 Qc7 11. Bxf6 gxf6 12. Be2 h5 13. Rhf1 O-O-O 14. Rf3
Rdg8 15. Bf1 Kb8 16. Kb1 Na5 17. Nxa5 Qxa5 18. a3 Rc8 19. b4 Qb6 20. f5 Rc7 21.
Qd4 Qxd4 22. Rxd4 Rhc8 23. Kb2 Bc6 24. Kb3 exf5 25. Rxf5 Bd7 26. Nd5 Rxc2 27.
Bd3 Bxf5 28. exf5 Rxg2 29. Nxe7 Rh8 30. h4 Rg4 31. Rxd6 Rxh4 32. Rxf6 Rg4 33.
Rxf7 h4 34. Bc4 h3 35. Bd5 Rd8 36. Rh7 Rg3+ 37. Kc4 b5+ 38. Kc5 Rc3+ 39. Kb6
Rd6+ 40. Nc6+ Kc8 41. Be6+ Rxe6 42. fxe6 Re3 43. Rh8# 1-0

[Event "Elit(Rockaden-SodraSASS)"]
[Site "?"]
[Date "2004.??.??"]
[Round "6"]
[White "Karlsson, Lars"]
[Black "Ornstein, Axel"]
[Result "1-0"]
[WhiteElo "2554"]
[BlackElo "2447"]
[PlyCount "61"]

1. b3 e5 2. Bb2 Nc6 3. c4 Nf6 4. e3 d5 5. cxd5 Nxd5 6. a3 Bd6 7. Qc2 O-O 8. Nf3
Qe7 9. Bc4 Nb6 10. d3 Nxc4 11. bxc4 Bg4 12. Nbd2 f5 13. O-O Rae8 14. Qb3 Kh8
15. Qxb7 Nd8 16. Qb3 e4 17. c5 Bxf3 18. cxd6 Qg5 19. Nxf3 exf3 20. g3 Qg4 21.
Qd5 Re4 22. Kh1 c6 23. Qc5 Qh3 24. Rg1 Rg4 25. d7 Kg8 26. Qe7 Qh5 27. Be5 Rg6
28. Bd6 Rxd6 29. Qxd6 Qg5 30. Rab1 Rf6 31. Qe7 1-0

[Event "Elit(Rockaden-SodraSASS)"]
[Site "?"]
[Date "2004.??.??"]
[Round "6"]
[White "Furhoff, Johan"]
[Black "Hermansson, Emil"]
[Result "0-1"]
[WhiteElo "2426"]
[BlackElo "2524"]
[PlyCount "74"]

1. e4 c5 2. d3 Nc6 3. f4 g6 4. Nf3 Bg7 5. g3 e6 6. Bg2 Nge7 7. O-O O-O 8. c3 b6
9. Be3 Ba6 10. Bf2 d6 11. Re1 e5 12. Na3 Qc7 13. d4 exd4 14. cxd4 Nb4 15. Bf1
Bxf1 16. Kxf1 Rad8 17. Qe2 d5 18. e5 c4 19. Kg2 Nd3 20. Red1 Qd7 21. Rxd3 cxd3
22. Qxd3 Rc8 23. h3 h5 24. Re1 Qf5 25. Qxf5 gxf5 26. Ng5 Rc6 27. Kf3 Rfc8 28.
Be3 Bh6 29. Bd2 a6 30. g4 fxg4+ 31. hxg4 Bxg5 32. fxg5 h4 33. Bb4 Ng6 34. Bd6
Rc1 35. Re2 Rf1+ 36. Ke3 Rg1 37. Nc2 Rxg4 0-1

[Event "Elit(Rockaden-SodraSASS)"]
[Site "?"]
[Date "2004.??.??"]
[Round "6"]
[White "Barkhagen, Jonas"]
[Black "Welin, Thomas"]
[Result "1-0"]
[WhiteElo "2546"]
[BlackElo "2402"]
[PlyCount "61"]

1. d4 d5 2. c4 c6 3. Nf3 Nf6 4. Nc3 dxc4 5. a4 Bf5 6. Ne5 Nbd7 7. Nxc4 Nb6 8.
Ne5 a5 9. g3 e6 10. Bg2 Bb4 11. O-O O-O 12. e3 Qe7 13. e4 Bg6 14. Nxg6 hxg6 15.
e5 Nh7 16. Ne4 Rfd8 17. Qg4 Qc7 18. Be3 Nd5 19. h4 Ne7 20. h5 gxh5 21. Qxh5 Nf5
22. Rad1 Be7 23. g4 g6 24. Qh2 Nh4 25. g5 Nf5 26. Nf6+ Bxf6 27. gxf6 c5 28. Be4
cxd4 29. Bxf5 Qc5 30. Bxd4 Rxd4 31. Qh6 1-0

[Event "Elit(Rockaden-SodraSASS)"]
[Site "?"]
[Date "2004.??.??"]
[Round "6"]
[White "Winge, Stefan"]
[Black "Engqvist, Thomas"]
[Result "1/2-1/2"]
[WhiteElo "2290"]
[BlackElo "2432"]
[PlyCount "78"]

1. e4 c6 2. d4 d5 3. e5 c5 4. c3 Nc6 5. Nf3 Bg4 6. Be2 e6 7. O-O Bxf3 8. Bxf3
cxd4 9. cxd4 Qb6 10. Be3 Qxb2 11. Nd2 Qb6 12. Rb1 Qc7 13. g4 Nge7 14. Bg2 h5
15. gxh5 Nf5 16. Qg4 O-O-O 17. Rfc1 g6 18. Bg5 Rd7 19. hxg6 Rg8 20. Nf3 Rxg6
21. h4 Qa5 22. Bf1 Rc7 23. Bd3 Nce7 24. Qf4 Rg8 25. Kf1 Ng6 26. Rxc7+ Qxc7 27.
Qd2 Nfe7 28. h5 Nh8 29. Bxe7 Qxe7 30. Qa5 b6 31. Rxb6 axb6 32. Qa8+ Kc7 33. Bb5
Qb4 34. Qc6+ Kb8 35. Qxb6+ Kc8 36. Qc6+ Kb8 37. Qb6+ Kc8 38. Ba6+ Kd7 39. Bb5+
Kc8 1/2-1/2

[Event "Elit(Rockaden-SodraSASS)"]
[Site "?"]
[Date "2004.??.??"]
[Round "6"]
[White "Bator, Robert"]
[Black "Lundvik, Jonas"]
[Result "1-0"]
[WhiteElo "2505"]
[BlackElo "2288"]
[PlyCount "51"]

1. d4 d5 2. Nf3 Nf6 3. c4 c6 4. e3 e6 5. Bd3 dxc4 6. Bxc4 b5 7. Bd3 a6 8. Qc2
Bb7 9. Bd2 c5 10. dxc5 Bxf3 11. gxf3 Qd5 12. a4 bxa4 13. Rxa4 Bxc5 14. Rg1 O-O
15. Ra5 Nbd7 16. b4 Ne5 17. Be2 Nxf3+ 18. Bxf3 Qxf3 19. bxc5 Ng4 20. Bc3 g6 21.
Qe2 Nxh2 22. Nd2 Qh3 23. c6 Rfd8 24. Rg3 Qh4 25. Rh5 Qa4 26. Rxh7 1-0

[Event "Elit(Rockaden-SodraSASS)"]
[Site "?"]
[Date "2004.??.??"]
[Round "6"]
[White "Sjodin, Bengt"]
[Black "Olsson, Anders"]
[Result "0-1"]
[WhiteElo "2228"]
[BlackElo "2512"]
[PlyCount "82"]

1. d4 Nf6 2. Nf3 g6 3. c4 Bg7 4. Nc3 O-O 5. Bg5 d6 6. e3 Nbd7 7. Be2 c6 8. O-O
a6 9. b4 b5 10. c5 a5 11. cxd6 axb4 12. dxe7 Qxe7 13. Nb1 Qe6 14. Nbd2 Nd5 15.
Nb3 Nc3 16. Qc2 c5 17. Rfe1 Bb7 18. Bf1 c4 19. Nbd2 Ra4 20. a3 Rfa8 21. Qb2 Qa6
22. Nb1 Nxb1 23. Qxb1 b3 24. Be7 Bf8 25. Bxf8 Kxf8 26. Qc1 Rxa3 27. Rb1 Be4 28.
Rb2 Bxf3 29. gxf3 Ra1 30. Qd2 Rxe1 31. Qxe1 Qa5 32. Qc1 Qa3 33. e4 Kg8 34. e5
Nb6 35. e6 fxe6 36. Bh3 Qa1 37. Rb1 Qxd4 38. Bxe6+ Kg7 39. Qg5 Qf6 40. Qe3 Ra6
41. Rd1 b2 0-1

[Event "Elit(Solna-Sollentuna)"]
[Site "?"]
[Date "2004.??.??"]
[Round "6"]
[White "Berg, Emanuel"]
[Black "Jonsson, Mikael"]
[Result "1-0"]
[WhiteElo "2587"]
[BlackElo "2384"]
[PlyCount "43"]

1. e4 e5 2. Nf3 Nc6 3. Bb5 a6 4. Ba4 Nf6 5. O-O Be7 6. Re1 b5 7. Bb3 O-O 8. a4
b4 9. d4 d6 10. h3 exd4 11. Nxd4 Na5 12. c3 c5 13. cxb4 cxd4 14. bxa5 Qxa5 15.
Nd2 Nd7 16. Bd5 Rb8 17. Nb3 Qc7 18. Bf4 Rb4 19. Nxd4 Bb7 20. Rc1 Nc5 21. Nc6
Rxb2 22. Rxc5 1-0

[Event "Elit(Solna-Sollentuna)"]
[Site "?"]
[Date "2004.??.??"]
[Round "6"]
[White "Johansson, Gunnar"]
[Black "Couso, Luis"]
[Result "0-1"]
[WhiteElo "2258"]
[BlackElo "2457"]
[PlyCount "66"]

1. e4 c5 2. c3 d5 3. exd5 Qxd5 4. d4 Nf6 5. Nf3 Bg4 6. dxc5 Qxc5 7. Na3 a6 8.
Be3 Qc7 9. Qa4+ Nc6 10. Nb5 Qc8 11. Na7 Rxa7 12. Bxa7 b5 13. Bxb5 axb5 14. Qxb5
Bd7 15. Be3 Nd4 16. Qd3 Nxf3+ 17. gxf3 Qa8 18. a4 g6 19. O-O Qxf3 20. Rfd1 Qg4+
21. Kf1 Qh3+ 22. Ke1 Bh6 23. a5 O-O 24. a6 Bc6 25. b4 Ng4 26. Bxh6 Qxh6 27. b5
Ne5 28. Qg3 Nf3+ 29. Ke2 Be4 30. b6 Qh5 31. b7 Nd4+ 32. Ke3 Nc2+ 33. Kxe4 Qf5#
0-1

[Event "Elit(Solna-Sollentuna)"]
[Site "?"]
[Date "2004.??.??"]
[Round "6"]
[White "Lindberg, Bosse"]
[Black "Bjarnehag, Peter"]
[Result "0-1"]
[WhiteElo "2420"]
[BlackElo "2235"]
[PlyCount "62"]

1. d4 c5 2. d5 g6 3. e4 Bg7 4. Nc3 a6 5. d6 Nc6 6. f4 Nd4 7. Nge2 exd6 8. Be3
Nxe2 9. Bxe2 Bxc3+ 10. bxc3 Qe7 11. O-O Nf6 12. e5 O-O 13. Qd3 dxe5 14. fxe5
Qxe5 15. Bf4 Qe6 16. Bd6 Re8 17. Bf3 Ne4 18. Bxe4 Qxe4 19. Rae1 Qxe1 20. Rxe1
Rxe1+ 21. Kf2 Re6 22. Qd5 a5 23. Bxc5 a4 24. Qg5 f6 25. Qh6 d6 26. Bd4 Bd7 27.
g4 Rf8 28. Kg3 Rf7 29. h4 Re4 30. g5 Rg4+ 31. Kh2 Re7 0-1

[Event "Elit(Solna-Sollentuna)"]
[Site "?"]
[Date "2004.??.??"]
[Round "6"]
[White "Steneskog, Per"]
[Black "Carlsson, Pontus"]
[Result "0-1"]
[WhiteElo "2227"]
[BlackElo "2425"]
[PlyCount "113"]

1. d4 Nf6 2. c4 e6 3. Nc3 Bb4 4. Bg5 c5 5. d5 b5 6. dxe6 fxe6 7. cxb5 O-O 8. e3
Qa5 9. Bxf6 Rxf6 10. Qc1 a6 11. bxa6 Nxa6 12. Nf3 Nc7 13. Nd2 d5 14. Nb3 Qb6
15. a3 Bxc3+ 16. Qxc3 c4 17. Nd4 Rb8 18. b4 cxb3 19. Rb1 b2 20. f4 Ba6 21. Nc6
Nb5 22. Bxb5 Qxb5 23. Nd4 Qd3 24. Qxd3 Bxd3 25. Kf2 Bxb1 26. Rxb1 h6 27. Nc6
Ra8 28. Rxb2 Rxa3 29. Ke2 Kh7 30. g3 Rf8 31. Nd4 Re8 32. Nf3 Rc8 33. Kf2 Rca8
34. Nd4 Ra2 35. Rxa2 Rxa2+ 36. Kf3 Ra6 37. g4 Kg6 38. Nxe6 Kf6 39. Nd4 g5 40.
h3 Ra4 41. Nf5 h5 42. Nd4 hxg4+ 43. hxg4 Ra1 44. Kg3 Rg1+ 45. Kf3 Rf1+ 46. Kg2
Rd1 47. Kg3 Rg1+ 48. Kf3 Rh1 49. Kg2 Rh8 50. Kg3 Re8 51. Kf3 gxf4 52. Kxf4 Re4+
53. Kf3 Kg5 54. Ne2 Ra4 55. Nf4 Ra5 56. Ne2 Ra3 57. Nf4 0-1

[Event "Elit(Solna-Sollentuna)"]
[Site "?"]
[Date "2004.??.??"]
[Round "6"]
[White "Eriksson, Jonas"]
[Black "Bergstrom, Magnus"]
[Result "1-0"]
[WhiteElo "2377"]
[BlackElo "2237"]
[PlyCount "65"]

1. d4 Nf6 2. Nc3 d5 3. Bg5 Nbd7 4. e3 g6 5. Nf3 c6 6. Bd3 Bg7 7. O-O O-O 8. h3
Re8 9. Ne5 Nxe5 10. dxe5 Nd7 11. f4 f6 12. Bh4 fxe5 13. f5 e4 14. Nxe4 dxe4 15.
Bc4+ Kh8 16. fxg6 Ne5 17. Qh5 Nxg6 18. Bf7 Nxh4 19. Bxe8 Be6 20. Bf7 Qd5 21.
Qxh4 Bxf7 22. Qxe7 Bg6 23. Rad1 Qxa2 24. b3 Qa5 25. Qxb7 Rg8 26. Qxc6 Qg5 27.
Rf4 Bh5 28. g4 Bg6 29. Kg2 Be5 30. Rd5 Qe7 31. Rf2 Re8 32. Qb5 Bf7 33. Rxe5 1-0

[Event "Elit(Solna-Sollentuna)"]
[Site "?"]
[Date "2004.??.??"]
[Round "6"]
[White "Dalmau, Jorgen"]
[Black "Bergstrom, Peter"]
[Result "1/2-1/2"]
[WhiteElo "2166"]
[BlackElo "2367"]
[PlyCount "131"]

1. e4 c6 2. d4 d5 3. exd5 cxd5 4. c4 Nf6 5. Nc3 g6 6. Qb3 Bg7 7. cxd5 O-O 8.
Be2 Nbd7 9. Bf3 Nb6 10. Nge2 Bg4 11. Bxg4 Nxg4 12. a4 a5 13. O-O Nf6 14. Nf4
Qd6 15. Nb5 Qb4 16. Qxb4 axb4 17. d6 e6 18. Bd2 Bh6 19. b3 Ne4 20. Be3 Bxf4 21.
Bxf4 Nc3 22. Bg3 Nxb5 23. axb5 Nd5 24. Rfc1 Nc3 25. Kf1 f6 26. b6 Rad8 27. Ra5
Rf7 28. f3 Nd5 29. Rc7 Nxb6 30. Rb5 Nd5 31. Rxf7 Kxf7 32. Rxb7+ Ke8 33. Rxh7
Ne3+ 34. Kf2 Nf5 35. Rh8+ Kd7 36. Rxd8+ Kxd8 37. Bf4 Nxd4 38. Bd2 Nc6 39. Be3
Ne5 40. Ke2 Nc6 41. Kd3 Ne5+ 42. Kd4 Kd7 43. Bd2 Nc6+ 44. Kc5 e5 45. Bxb4 Nd4
46. Kc4 Nf5 47. g3 Nd4 48. f4 Nf3 49. fxe5 fxe5 50. Kd5 Nxh2 51. Kxe5 Ng4+ 52.
Kf4 Nf2 53. Ba3 Ke6 54. g4 Nh3+ 55. Ke3 Ng5 56. Bc5 Nf7 57. Kf4 g5+ 58. Kg3 Ne5
59. Ba3 Nd3 60. b4 Kxd6 61. b5+ Kc7 62. Be7 Kb6 63. Bxg5 Kxb5 64. Bf6 Kc6 65.
Kh4 Nf2 66. Kh5 1/2-1/2

[Event "Elit(Farsta-Passanten)"]
[Site "?"]
[Date "2004.??.??"]
[Round "6"]
[White "Solozhenkin, Evgeniy"]
[Black "Lindberg, Bengt"]
[Result "1-0"]
[WhiteElo "2518"]
[BlackElo "2493"]
[PlyCount "81"]

1. d4 Nf6 2. c4 e6 3. Nf3 b6 4. Nc3 Bb4 5. Qb3 c5 6. Bg5 Nc6 7. d5 Na5 8. Qc2
h6 9. Bh4 d6 10. a3 Bxc3+ 11. Qxc3 e5 12. Nd2 Nxd5 13. Bxd8 Nxc3 14. Bh4 f5 15.
f3 Na4 16. b3 b5 17. bxa4 bxc4 18. e4 fxe4 19. Nxe4 d5 20. Nxc5 Bf5 21. O-O-O
Rc8 22. Rxd5 O-O 23. Ne4 Nb3+ 24. Kb2 Bxe4 25. fxe4 Nc5 26. Kc2 Nxe4 27. Rxe5
Nf2 28. Bxf2 Rxf2+ 29. Re2 Rf6 30. g3 Ra6 31. Bh3 Rc7 32. Rf1 Rxa4 33. Re3 Ra6
34. Rf4 g6 35. Be6+ Kg7 36. Bxc4 Rac6 37. Rc3 Rd6 38. Rd3 Ra6 39. Rc3 Rac6 40.
Rd4 h5 41. h4 1-0

[Event "Elit(Farsta-Passanten)"]
[Site "?"]
[Date "2004.??.??"]
[Round "6"]
[White "Degerman, Lars"]
[Black "Cramling, Pia"]
[Result "0-1"]
[WhiteElo "2498"]
[BlackElo "2557"]
[PlyCount "74"]

1. e4 c5 2. Nf3 e6 3. c4 Nc6 4. Nc3 Qb6 5. Be2 a6 6. O-O g6 7. Na4 Qa7 8. a3
Bg7 9. Rb1 Nf6 10. Qc2 d6 11. b4 Nd7 12. Bb2 Bxb2 13. Qxb2 O-O 14. bxc5 dxc5
15. e5 Rb8 16. Nb6 Nxb6 17. Qxb6 Qxb6 18. Rxb6 Bd7 19. Rfb1 Na5 20. d4 Bc6 21.
dxc5 Rfd8 22. R1b4 Rbc8 23. Kf1 Kg7 24. h3 Bxf3 25. Bxf3 Rxc5 26. Bxb7 Nxc4 27.
Rxa6 Rd1+ 28. Ke2 Rd2+ 29. Kf1 Ne3+ 30. Ke1 Ra2 31. Rb1 Nc4 32. f4 Nxa3 33. Kf1
Rcc2 34. Re1 Rf2+ 35. Kg1 Rxf4 36. Bf3 Rc4 37. Rf1 37... Rc7 {Tid} 0-1

[Event "Elit(Farsta-Passanten)"]
[Site "?"]
[Date "2004.??.??"]
[Round "6"]
[White "Backelin, Rickard"]
[Black "Larsson, Per"]
[Result "1/2-1/2"]
[WhiteElo "2380"]
[BlackElo "2333"]
[PlyCount "94"]

1. f4 g6 2. Nf3 Bg7 3. g3 Nf6 4. Bg2 d5 5. d3 b6 6. O-O Bb7 7. c4 dxc4 8. Qa4+
Nfd7 9. Qxc4 O-O 10. Nc3 c5 11. Bd2 Nc6 12. e3 Rc8 13. Rfd1 Nd4 14. exd4 cxd4
15. Qb4 dxc3 16. Bxc3 Bxc3 17. bxc3 Nf6 18. Rac1 e6 19. Qb2 Qe7 20. h3 Rfd8 21.
c4 Bxf3 22. Bxf3 Ne8 23. Qe2 Qc5+ 24. Qf2 Rd4 25. Rb1 Nd6 26. Rb3 Rd8 27. Re1
Nf5 28. Re5 Qc7 29. Be4 R4d7 30. Bxf5 gxf5 31. Qe2 Qd6 32. Kh2 Kh8 33. a4 Qc7
34. Re3 Qc5 35. Re5 Qd4 36. a5 Rd6 37. h4 Kg7 38. Reb5 h6 39. Kg2 R8d7 40. Kf3
Kf8 41. Kg2 Kg8 42. axb6 axb6 43. Ra3 Kh7 44. Qf2 Qxf2+ 45. Kxf2 Rxd3 46. Rxd3
Rxd3 47. Rxb6 Rc3 1/2-1/2

[Event "Elit(Farsta-Passanten)"]
[Site "?"]
[Date "2004.??.??"]
[Round "6"]
[White "Burwick, Malte"]
[Black "Jaderberg, Bjorn"]
[Result "1/2-1/2"]
[WhiteElo "2282"]
[BlackElo "2298"]
[PlyCount "33"]

1. Nf3 Nf6 2. c4 e6 3. g3 d5 4. d4 Be7 5. Bg2 O-O 6. O-O Nbd7 7. Nc3 c6 8. Qd3
b6 9. cxd5 exd5 10. Bf4 Bb7 11. Rfd1 Re8 12. Rac1 Nf8 13. Qb1 Ng6 14. Bg5 Ne4
15. Bxe7 Qxe7 16. Re1 Rac8 17. e3 1/2-1/2

[Event "Elit(Farsta-Passanten)"]
[Site "?"]
[Date "2004.??.??"]
[Round "6"]
[White "Ong, Kezli"]
[Black "Andersson, Mats"]
[Result "1/2-1/2"]
[WhiteElo "2300"]
[BlackElo "2341"]
[PlyCount "87"]

1. e4 e5 2. Nf3 Nf6 3. Nxe5 d6 4. Nf3 Nxe4 5. d4 d5 6. Bd3 Nc6 7. O-O Be7 8. c4
Nf6 9. Nc3 O-O 10. h3 Nb4 11. Be2 dxc4 12. Bxc4 c6 13. a3 Nbd5 14. Qd3 Be6 15.
Ng5 Qd7 16. Nxe6 Qxe6 17. Bg5 Qd7 18. Rfe1 h6 19. Bh4 Rae8 20. Bb3 Bd8 21. Bc2
Rxe1+ 22. Rxe1 Re8 23. Re5 g5 24. Bg3 Nf4 25. Bxf4 gxf4 26. Rxe8+ Qxe8 27. Ne2
Bc7 28. Kf1 Qe6 29. Bb3 Qe4 30. Bc2 Qxd3 31. Bxd3 Kg7 32. Ke1 f3 33. gxf3 Nh5
34. Kd2 Nf4 35. Nxf4 Bxf4+ 36. Kc2 Kf6 37. b3 Ke7 38. Be4 Kd6 39. Kd3 Bc1 40.
a4 a5 41. Kc4 Bb2 42. f4 Bc1 43. f5 f6 44. h4 1/2-1/2

[Event "Elit(Farsta-Passanten)"]
[Site "?"]
[Date "2004.??.??"]
[Round "6"]
[White "Lindeman, Sven"]
[Black "Lundin, Anders"]
[Result "0-1"]
[WhiteElo "2217"]
[BlackElo "2219"]
[PlyCount "58"]

1. e4 c5 2. Nf3 e6 3. d3 d5 4. Nbd2 Nc6 5. g3 Nf6 6. Bg2 Be7 7. O-O b6 8. Re1
Bb7 9. c3 Qc7 10. Qe2 Ba6 11. exd5 Nxd5 12. Nc4 O-O 13. Ng5 Bxg5 14. Bxg5 h6
15. Bd2 Rad8 16. Rad1 Rfe8 17. f4 Re7 18. Ne5 Nxe5 19. fxe5 Red7 20. Qg4 Kf8
21. Rf1 Qxe5 22. Rde1 Qc7 23. Rxe6 Bxd3 24. Rxh6 Kg8 25. Rf2 Qe5 26. Rh5 Nf6
27. Rxf6 Qxf6 28. Qh3 g6 29. Qg4 Bf5 0-1

[Event "Elit(Schack08-Limhamn)"]
[Site "?"]
[Date "2004.??.??"]
[Round "6"]
[White "Hector, Jonny"]
[Black "Ingbrandt, Johan"]
[Result "1/2-1/2"]
[WhiteElo "2631"]
[BlackElo "2482"]
[PlyCount "86"]

1. d4 d5 2. Nc3 Nf6 3. Bg5 Nbd7 4. Qd3 g6 5. f3 Bg7 6. e4 dxe4 7. fxe4 c6 8.
Nf3 h6 9. Be3 Ng4 10. Bg1 e5 11. d5 O-O 12. O-O-O Qa5 13. Nd2 Qc7 14. h3 Ngf6
15. g4 cxd5 16. exd5 Nb6 17. Bg2 Bd7 18. Bh2 Rfe8 19. Rde1 Rad8 20. d6 Qc8 21.
Rxe5 Bc6 22. Bxc6 Qxc6 23. Rd1 Nfd7 24. Rxe8+ Rxe8 25. Nde4 Na4 26. Nxa4 Rxe4
27. Nc3 Bxc3 28. Qxc3 Qxc3 29. bxc3 f6 30. Kd2 Kf7 31. Rb1 b6 32. a4 Ke6 33. a5
f5 34. gxf5+ gxf5 35. Rg1 Kf7 36. axb6 axb6 37. Bg3 Ke6 38. Bf2 Ne5 39. Rg8
Kxd6 40. Rh8 Nc4+ 41. Kd3 Ne5+ 42. Kd2 Nc4+ 43. Kd3 Ne5+ 1/2-1/2

[Event "Elit(Schack08-Limhamn)"]
[Site "?"]
[Date "2004.??.??"]
[Round "6"]
[White "Renman, Nils-Gustaf"]
[Black "Brynell, Stellan"]
[Result "0-1"]
[WhiteElo "2409"]
[BlackElo "2575"]
[PlyCount "72"]

1. d4 e6 2. c4 Nf6 3. Nf3 b6 4. g3 Ba6 5. b3 Bb7 6. Bg2 Bb4+ 7. Bd2 a5 8. O-O
O-O 9. Nc3 d6 10. a3 Bxc3 11. Bxc3 Nbd7 12. Nd2 Bxg2 13. Kxg2 d5 14. Qc2 Qb8
15. cxd5 exd5 16. Rac1 Re8 17. Nf3 Qb7 18. Bd2 c5 19. Bf4 a4 20. dxc5 bxc5 21.
bxa4 Qa6 22. e3 h6 23. h4 Qxa4 24. Qxa4 Rxa4 25. Rc3 Rea8 26. Ra1 Ne4 27. Rb3
Ndf6 28. Ne1 g5 29. hxg5 hxg5 30. Rb8+ Rxb8 31. Bxb8 Ng4 32. Nd3 f5 33. Rc1 Ra8
34. Bc7 Rxa3 35. Nxc5 Nexf2 36. Ne6 Ra2 0-1

[Event "Elit(Schack08-Limhamn)"]
[Site "?"]
[Date "2004.??.??"]
[Round "6"]
[White "Aagaard, Jacob"]
[Black "Lejlic, Samir"]
[Result "1-0"]
[WhiteElo "2491"]
[BlackElo "2401"]
[PlyCount "141"]

1. e4 e5 2. Nf3 Nc6 3. Bb5 a6 4. Ba4 d6 5. c3 f5 6. exf5 Bxf5 7. O-O Bd3 8. Re1
Be7 9. Bc2 Bxc2 10. Qxc2 Nf6 11. d4 e4 12. Nfd2 d5 13. f3 O-O 14. fxe4 Bd6 15.
Rf1 Ng4 16. Rxf8+ Qxf8 17. Nf3 dxe4 18. Qxe4 Bxh2+ 19. Nxh2 Qf2+ 20. Kh1 Rf8
21. Nxg4 Qf1+ 22. Kh2 Qxc1 23. Ne3 Kh8 24. a4 h6 25. Ra3 Qe1 26. Nd2 Qxd2 27.
Nc4 Qg5 28. Ra1 Rf4 29. Qe8+ Kh7 30. Kg1 Qh4 31. Qe3 Qg5 32. Nd2 Ne7 33. Nf3
Qf6 34. Re1 Nd5 35. Qe5 c6 36. a5 Qf7 37. c4 Nb4 38. Qe2 c5 39. d5 Qg6 40. Ne5
Qf5 41. Nf3 Nc2 42. Rf1 Nd4 43. Nxd4 cxd4 44. Rxf4 Qxf4 45. Qf3 Qc1+ 46. Kh2
Qg5 47. d6 Qe5+ 48. Qg3 Qe6 49. c5 h5 50. Qf4 g6 51. Qg3 Qd5 52. Qf4 Qxc5 53.
Qf7+ Kh6 54. d7 Qe5+ 55. Kg1 Qe3+ 56. Qf2 Qc1+ 57. Qf1 Qe3+ 58. Kh1 Qe7 59.
Qf4+ Kh7 60. Qxd4 Qd8 61. g3 Kg8 62. Qd6 Kf7 63. Kg2 g5 64. Kf3 h4 65. gxh4
gxh4 66. Kg4 Qg8+ 67. Kxh4 Qd8+ 68. Kg4 Qg8+ 69. Kf3 Qd8 70. b4 Kg7 71. Kg4 1-0

[Event "Elit(Schack08-Limhamn)"]
[Site "?"]
[Date "2004.??.??"]
[Round "6"]
[White "Laveryd, Peter"]
[Black "Jepson, Christian"]
[Result "1/2-1/2"]
[WhiteElo "2455"]
[BlackElo "2487"]
[PlyCount "52"]

1. d4 e6 2. Nf3 d5 3. g3 Nf6 4. Bg2 Nc6 5. O-O Rb8 6. Bf4 Bd6 7. c3 O-O 8. Nbd2
Bxf4 9. gxf4 Ne7 10. Ne5 Ne8 11. e3 f6 12. Nd3 Nd6 13. Kh1 b6 14. Rg1 Qe8 15.
b3 Ba6 16. c4 Bb7 17. Rc1 c6 18. a4 Ndf5 19. c5 Ba6 20. Nb4 Bc8 21. cxb6 axb6
22. Nd3 Ba6 23. Nb4 Bb7 24. Nd3 Ba6 25. Nb4 Bb7 26. Nd3 Ba6 1/2-1/2

[Event "Elit(Schack08-Limhamn)"]
[Site "?"]
[Date "2004.??.??"]
[Round "6"]
[White "Ottenklev, Niclas"]
[Black "Eriksson, Magnus"]
[Result "1/2-1/2"]
[WhiteElo "2221"]
[BlackElo "2423"]
[PlyCount "88"]

1. e4 d6 2. d4 Nf6 3. Nc3 Nbd7 4. Nf3 e5 5. h3 Be7 6. Bc4 O-O 7. O-O c6 8. a4
b6 9. Be3 a6 10. Nh2 Bb7 11. d5 cxd5 12. Bxd5 Bxd5 13. exd5 b5 14. axb5 axb5
15. Qd3 b4 16. Nb5 Rxa1 17. Rxa1 Nb6 18. c4 bxc3 19. Nxc3 Qc7 20. Nf1 Rb8 21.
Nd2 Qb7 22. Ra5 Bd8 23. Rb5 Qa8 24. Nde4 Ne8 25. Rb3 Nd7 26. Ra3 Qb7 27. Ra7
Qc8 28. Nb5 Be7 29. Ra3 Qb7 30. Na7 Bf8 31. Nc6 Ra8 32. Rxa8 Qxa8 33. b4 h6 34.
b5 f5 35. Nc3 Qa1+ 36. Kh2 Nef6 37. Ba7 Qb2 38. Qc4 Qc2 39. Nb4 Qc1 40. b6 Ne4
41. b7 Qxc3 42. Qc8 Qa1 43. Qxd7 Nd2 44. b8=Q Nf1+ 1/2-1/2

[Event "Elit(Schack08-Limhamn)"]
[Site "?"]
[Date "2004.??.??"]
[Round "6"]
[White "Carlsson, Daniel"]
[Black "Schutz, Ingemar"]
[Result "1/2-1/2"]
[WhiteElo "2261"]
[BlackElo "2273"]
[PlyCount "115"]
[EventDate "2004.??.??"]

1. e4 c5 2. Nf3 d6 3. d4 cxd4 4. Nxd4 Nf6 5. Nc3 Nc6 6. Bg5 e6 7. Qd2 a6 8. Be2
Be7 9. Rd1 Bd7 10. O-O Nxd4 11. Qxd4 Bc6 12. Bf3 O-O 13. Rfe1 Qc7 14. Re3 Rfd8
15. Red3 b5 16. Qe3 Rac8 17. Ne2 h6 18. Bh4 g5 19. Bg3 g4 20. Qxh6 gxf3 21.
Rxf3 Nxe4 22. Rf4 Bg5 23. Rg4 f5 24. Rxg5+ Nxg5 25. Qxg5+ Qg7 26. Qh4 e5 27. f4
Rd7 28. c3 Re8 29. Rf1 Be4 30. Qh5 Re6 31. Rd1 Rf7 32. Qh4 Qf6 33. Kf2 Qxh4 34.
Bxh4 Rh7 35. g3 Rc7 36. Ke3 Rc5 37. g4 Bc2 38. Rd2 exf4+ 39. Kf2 Bb1 40. Nxf4
Rh6 41. Kg3 fxg4 42. Kxg4 Bf5+ 43. Kg3 Bb1 44. Kg4 Bf5+ 45. Kg5 Kh7 46. Bf2
Rxh2 47. Bxc5 Rxd2 48. Be3 Rxb2 49. Kxf5 Rxa2 50. Ke6 Rc2 51. Nd5 a5 52. Kf7 a4
53. Nf6+ Kh8 54. Bd4 Rg2 55. Ne4+ Kh7 56. Nf6+ Kh8 57. Ne4+ Kh7 58. Nf6+
1/2-1/2

[Event "Elit(Schack08-Limhamn)"]
[Site "?"]
[Date "2004.??.??"]
[Round "6"]
[White "Thoren, Per"]
[Black "Holst, Conny"]
[Result "1/2-1/2"]
[WhiteElo "2268"]
[BlackElo "2237"]
[PlyCount "96"]
[EventDate "2004.??.??"]

1. e4 c5 2. Nf3 d6 3. d4 cxd4 4. Nxd4 Nf6 5. Nc3 a6 6. Bc4 e6 7. Bb3 Nbd7 8. f4
Nc5 9. O-O Be7 10. e5 dxe5 11. fxe5 Nfd7 12. Be3 O-O 13. Qh5 g6 14. Qe2 Nxe5
15. Rad1 Qc7 16. Bf4 f6 17. Kh1 Nxb3 18. axb3 Bd7 19. Nf3 Bc6 20. Nxe5 fxe5 21.
Bxe5 Rxf1+ 22. Rxf1 Bd6 23. Bf6 Re8 24. h3 Qa5 25. Ne4 Bxe4 26. Qxe4 Qd5 27.
Qxd5 exd5 28. Rd1 Bg3 29. Bc3 Re2 30. Rxd5 Rxc2 31. Rd1 Kf7 32. b4 Ke6 33. Kg1
h5 34. Kf1 g5 35. Rd3 h4 36. Rd1 Rf2+ 37. Kg1 Rf5 38. Rd2 Bf4 39. Rd1 Rd5 40.
Rxd5 Kxd5 41. Kf2 Ke4 42. Ke2 b5 43. b3 Bd6 44. Bd2 Be7 45. Bc3 Bd8 46. Bg7 Bc7
47. Bf6 Bf4 48. Bc3 Bd6 1/2-1/2

[Event "Elit(Kamraterna-Skara)"]
[Site "?"]
[Date "2004.??.??"]
[Round "7"]
[White "Hillarp Persson, Tiger"]
[Black "Svensson, Bengt"]
[Result "0-1"]
[WhiteElo "2558"]
[BlackElo "2424"]
[PlyCount "58"]
[EventDate "2004.??.??"]

1. d4 d5 2. c4 dxc4 3. Nf3 Nf6 4. Nc3 a6 5. e4 b5 6. e5 Nd5 7. a4 e6 8. axb5
Bb4 9. Bd2 Nb6 10. h4 Bb7 11. bxa6 Rxa6 12. Rxa6 Nxa6 13. Be3 O-O 14. Rh3 c5
15. Ng5 cxd4 16. Bxd4 Nc5 17. Qg4 Qa8 18. Be2 Qa1+ 19. Bd1 Nd3+ 20. Rxd3 cxd3
21. Kf1 Nc4 22. Kg1 Bxc3 23. Bxc3 Nxb2 24. Kh2 Qxd1 25. Qb4 Na4 26. Bd2 Bd5 27.
Be3 Qf1 28. f3 Qe2 29. Bc1 h6 0-1